[Event "FIDE Online Olympiad"]
[Site "Chess.com"]
[Date "2020.08.02"]
[EventDate "2020.07.31"]
[Round "7"]
[Result "0-1"]
[White "Mikhail Strovsky"]
[Black "Mark Machin Rivera"]
[WhiteElo "1939"]
[BlackElo "2323"]
[PlyCount "60"]

1. e4 g6 2. d4 Bg7 3. Nc3 d6 4. Be2 a6 5. h4 h5 6. Nh3 b5
7. a3 Nd7 8. Be3 Bb7 9. Qd2 Rc8 10. Ng5 c5 11. f3 Ngf6 12. O-O
O-O 13. Nd1 cxd4 14. Bxd4 e5 15. Be3 d5 16. exd5 Nxd5 17. c3
Nxe3 18. Qxe3 Nc5 19. Nf2 Na4 20. Nd3 Qc7 21. Ne4 Rce8
22. Rad1 f5 23. Ng5 e4 24. fxe4 fxe4 25. Rxf8+ Bxf8 26. Rf1
Bc6 27. Rf7 Qd8 28. Qa7 Re7 29. Rxe7 Bxe7 30. Ne5 Bc5+ 0-1

[Event "FIDE Online Olympiad"]
[Site "Chess.com"]
[Date "2020.08.02"]
[EventDate "2020.07.31"]
[Round "7"]
[Result "0-1"]
[White "Kossi Thierry Egbe"]
[Black "Carlos Rodriguez Rosich"]
[WhiteElo "1532"]
[BlackElo "1389"]
[PlyCount "92"]

1. e4 c5 2. Nf3 d6 3. d4 cxd4 4. Nxd4 Nf6 5. Nc3 g6 6. Bg5 Bg7
7. Be2 Qa5 8. Bd2 Qb6 9. Nb3 Nc6 10. Be3 Qd8 11. h3 Bd7
12. O-O O-O 13. a3 Rc8 14. Qd2 a6 15. Rad1 Be6 16. Nd4 Nxd4
17. Bxd4 Qc7 18. Bd3 Bc4 19. Rfe1 Rfd8 20. Na4 Qc6 21. Bxc4
Qxa4 22. Bb3 Qc6 23. Qe3 Nd7 24. Qf3 e6 25. Bxg7 Kxg7 26. Rd3
Ne5 27. Qd1 Nxd3 28. Qxd3 b5 29. Qf3 a5 30. c3 b4 31. axb4
axb4 32. cxb4 Qb7 33. Kh2 Qxb4 34. Rd1 Rb8 35. Rd3 Qc5 36. Rc3
Qe5+ 37. g3 Rdc8 38. Re3 Qf6 39. Qe2 Rb6 40. Rf3 Qe5 41. Re3
Rcb8 42. f4 Qa5 43. Bd1 Rxb2 44. Bc2 Qa2 45. Rc3 Qa5 46. Qd3
Qb6 0-1

[Event "FIDE Online Olympiad"]
[Site "Chess.com"]
[Date "2020.08.02"]
[EventDate "2020.07.31"]
[Round "7"]
[Result "0-1"]
[White "Baha Miswadah"]
[Black "Bernard Anhwere"]
[WhiteElo "1964"]
[BlackElo "1777"]
[PlyCount "98"]

1. d4 d5 2. Nf3 e6 3. Bf4 c5 4. e3 Nc6 5. c3 Nf6 6. Nbd2 Bd6
7. Bg3 O-O 8. Bd3 Re8 9. Ne5 Qc7 10. f4 Rb8 11. Bh4 Be7
12. Qf3 b5 13. Qh3 g6 14. Ndf3 cxd4 15. exd4 b4 16. Rc1 Nh5
17. Bg3 Nxe5 18. fxe5 bxc3 19. bxc3 Qa5 20. O-O Rb2 21. Bb1
Ba6 22. Rf2 Rxf2 23. Kxf2 Rc8 24. Bh4 Ba3 25. Rc2 Qb5 26. Nd2
Nf4 27. Qg4 Nd3+ 28. Kg3 Ne1 29. Bf6 Bf8 30. c4 dxc4 31. Qe2
Nxc2 32. Bxc2 c3 33. Qf2 cxd2 34. Qxd2 Qb4 35. Qxb4 Bxb4
36. Bb3 Bc4 37. Bxc4 Rxc4 38. h4 Rxd4 39. a4 Rd3+ 40. Kf4 Ra3
41. g4 Rxa4 42. Kg5 Bf8 43. h5 h6+ 44. Kh4 g5+ 45. Kg3 Ra3+
46. Kf2 Rd3 47. Kg2 Rd5 48. Kf3 a5 49. Ke4 a4 0-1

[Event "FIDE Online Olympiad"]
[Site "Chess.com"]
[Date "2020.08.02"]
[EventDate "2020.07.31"]
[Round "7"]
[Result "0-1"]
[White "Angela Naa Amerley Ayiku"]
[Black "Yara Faqeeh"]
[WhiteElo "1415"]
[BlackElo "1523"]
[PlyCount "110"]

1. e4 g6 2. Nf3 Bg7 3. Bc4 d6 4. Ng5 e6 5. d3 Nf6 6. O-O O-O
7. Qf3 Nc6 8. c3 Ne5 9. Qh3 Nxc4 10. dxc4 e5 11. Qh4 Be6
12. b3 Qd7 13. f4 exf4 14. Bxf4 Nh5 15. Be3 a6 16. Bd4 h6
17. Nxe6 Qxe6 18. Nd2 c5 19. Bxg7 Kxg7 20. Rae1 Rae8 21. g4
Nf6 22. Nf3 Qxg4+ 23. Qxg4 Nxg4 24. h3 Ne5 25. Nxe5 Rxe5
26. h4 Rfe8 27. Rf4 f5 28. Ref1 Rxe4 29. Rxe4 Rxe4 30. h5 Kf6
31. hxg6 Kxg6 32. Rf3 Rg4+ 33. Kf2 h5 34. Rh3 h4 35. Kf3 Kg5
36. a3 Kf6 37. b4 cxb4 38. cxb4 Rxc4 39. Ke2 d5 40. Kd3 Ke5
41. Re3+ Re4 42. Rh3 d4 43. a4 Re3+ 44. Rxe3+ dxe3 45. Kxe3 h3
46. Kf3 f4 47. b5 axb5 48. axb5 b6 49. Kf2 Ke4 50. Kg1 Ke3
51. Kh2 f3 52. Kg1 Ke2 53. Kh2 f2 54. Kh1 f1=Q+ 55. Kh2 Qg2#
0-1

[Event "FIDE Online Olympiad"]
[Site "Chess.com"]
[Date "2020.08.02"]
[EventDate "2020.07.31"]
[Round "7"]
[Result "0-1"]
[White "Mohamad Seder"]
[Black "Philip Selikem Yao Amoako"]
[WhiteElo "1699"]
[BlackElo "1265"]
[PlyCount "130"]

1. e4 c6 2. d4 d5 3. exd5 cxd5 4. c4 e6 5. c5 Nc6 6. Nf3 Be7
7. Nc3 Nf6 8. Bb5 O-O 9. O-O Bd7 10. Bxc6 Bxc6 11. Ne5 Qc7
12. Bf4 Qd8 13. b4 Nd7 14. Nd3 a6 15. a4 b5 16. axb5 axb5
17. Qg4 Nf6 18. Qg3 Nh5 19. Qf3 Nxf4 20. Qxf4 Qd7 21. Qg3 Bf6
22. Ne5 Qb7 23. f4 Bxe5 24. fxe5 Rxa1 25. Rxa1 Ra8 26. Qe1 Ra7
27. Qc1 Qa8 28. Rxa7 Qxa7 29. Kf2 Kf8 30. Kf3 h6 31. h4 Qe7
32. g3 Qa7 33. Qb2 f6 34. exf6 gxf6 35. Qd2 Kg7 36. h5 Qa3
37. Qc2 Be8 38. Qd3 Qxb4 39. Ne2 Bxh5+ 40. g4 Bg6 41. Qe3 Be4+
42. Kg3 Qe1+ 43. Qf2 Qxf2+ 44. Kxf2 Kf7 45. Nc3 Bd3 46. Ke3
Bc4 47. Nd1 b4 48. Nf2 b3 49. Kd2 e5 50. dxe5 fxe5 51. Kc3 Ke7
52. Nh1 Kd7 53. Ng3 e4 54. Nf5 Kc6 55. Ne3 Kxc5 56. Nf5 e3
57. Nh4 d4+ 58. Kb2 e2 59. Nf3 d3 60. Ne1 d2 61. g5 dxe1=Q
62. gxh6 Qh4 63. h7 Qxh7 64. Ka3 e1=Q 65. Kb2 Qc2+ 0-1

[Event "FIDE Online Olympiad"]
[Site "Chess.com"]
[Date "2020.08.02"]
[EventDate "2020.07.31"]
[Round "7"]
[Result "0-1"]
[White "Bernard Lesbros"]
[Black "Jacob Jallah"]
[WhiteElo "1912"]
[BlackElo "1901"]
[PlyCount "134"]

1. Nf3 Nf6 2. c4 c5 3. Nc3 g6 4. g3 Bg7 5. Bg2 Nc6 6. d4 cxd4
7. Nxd4 Nxd4 8. Qxd4 O-O 9. O-O d6 10. Qd3 Rb8 11. Be3 a6
12. Ba7 Ra8 13. Bd4 Ng4 14. Bxg7 Kxg7 15. Qd4+ Kg8 16. b3 Qa5
17. Nd5 e5 18. Qb6 Qxb6 19. Nxb6 Rb8 20. Rfd1 Rd8 21. c5 Nh6
22. cxd6 Bg4 23. Rd2 Kf8 24. Rc1 Ng8 25. Rc7 Nf6 26. h3 Be6
27. Rxb7 e4 28. Rxb8 Rxb8 29. Nc4 Bxc4 30. bxc4 Ke8 31. g4 g5
32. f3 e3 33. Rd3 Kd7 34. c5 Rc8 35. Rc3 Nd5 36. Rc1 Nf4
37. Kf1 Kc6 38. Rc3 Rb8 39. Rxe3 Kxc5 40. d7 Kd6 41. Re8 Rb1+
42. Kf2 Kxd7 43. Ra8 Rb2 44. Bf1 Rxa2 45. Ra7+ Ke6 46. Kg3 h5
47. gxh5 Nxh5+ 48. Kg4 Nf6+ 49. Kxg5 Ra1 50. e4 Rxf1 51. Rxa6+
Ke7 52. Rxf6 Rg1+ 53. Kf5 Rg3 54. Kf4 Rxh3 55. Ra6 f6 56. Kg4
Rh8 57. f4 Rb8 58. Ra7+ Ke6 59. Ra6+ Ke7 60. Kf5 Rb5+ 61. Kg6
Rb4 62. Kf5 Rb5+ 63. Kg6 Rb4 64. Ra7+ Ke8 65. Kxf6 Rxe4 66. f5
Re1 67. Ra6 Rh1 0-1

[Event "FIDE Online Olympiad"]
[Site "Chess.com"]
[Date "2020.08.02"]
[EventDate "2020.07.31"]
[Round "7"]
[Result "0-1"]
[White "Ursus Bemmelen van"]
[Black "Suradj Hanoeman"]
[WhiteElo "2145"]
[BlackElo "1983"]
[PlyCount "82"]

1. Nf3 Nf6 2. c4 d5 3. cxd5 Nxd5 4. d4 e6 5. e4 Bb4+ 6. Bd2
Bxd2+ 7. Qxd2 Nf6 8. Nc3 O-O 9. e5 Nd5 10. Bc4 c6 11. O-O b6
12. Rfd1 Ba6 13. Bxa6 Nxa6 14. Rac1 Nxc3 15. Rxc3 c5 16. Qe2
Qc8 17. dxc5 bxc5 18. Rd6 Nb4 19. a3 Nd5 20. Rc4 Qb7 21. Rxc5
Rac8 22. Rxc8 Rxc8 23. h4 h6 24. b4 Rc1+ 25. Kh2 Qc7 26. Nd4
Rc4 27. Qd2 Qe7 28. g3 Qc7 29. Kg2 Qb8 30. Nc6 Rxc6 31. Rxc6
Qb7 32. Qc2 Ne7 33. b5 Qxb5 34. Rc7 Qd5+ 35. Kh2 Nf5 36. Rc5
Qf3 37. a4 g6 38. Kg1 Kg7 39. a5 Nd4 40. Qd2 Ne2+ 41. Kf1
Nxg3+ 0-1

[Event "FIDE Online Olympiad"]
[Site "Chess.com"]
[Date "2020.08.02"]
[EventDate "2020.07.31"]
[Round "8"]
[Result "0-1"]
[White "Davena Jonet"]
[Black "Rosangela Dos Ramos"]
[WhiteElo "1458"]
[BlackElo "1765"]
[PlyCount "78"]

1. e4 g6 2. Nf3 Bg7 3. Bc4 e6 4. d3 d6 5. Qd2 Nd7 6. Nc3 a6
7. d4 b5 8. Bb3 Bb7 9. d5 e5 10. a3 Ne7 11. O-O O-O 12. Qg5 f5
13. Nd2 f4 14. Qh4 h6 15. Qg4 Nf6 16. Qd1 g5 17. f3 Bc8
18. Na2 Qe8 19. c4 g4 20. Qe2 Qg6 21. cxb5 gxf3 22. Nxf3 Qxe4
23. Qxe4 Nxe4 24. bxa6 Bxa6 25. Re1 Nc5 26. Nd2 Nxb3 27. Nxb3
Nxd5 28. Bd2 c5 29. Na5 Rab8 30. Rab1 f3 31. Nc6 Rb6 32. Na5
f2+ 33. Kh1 fxe1=Q+ 34. Rxe1 Rf2 35. Bc3 Nxc3 36. Nxc3 Rbxb2
37. Ne4 Rxg2 38. Ng3 Rxh2+ 39. Kg1 Rbg2# 0-1

[Event "FIDE Online Olympiad"]
[Site "Chess.com"]
[Date "2020.08.02"]
[EventDate "2020.07.31"]
[Round "8"]
[Result "0-1"]
[White "Jacob Jallah"]
[Black "Ursus Bemmelen van"]
[WhiteElo "1901"]
[BlackElo "2145"]
[PlyCount "70"]

1. e4 c5 2. Nf3 d6 3. d4 cxd4 4. Nxd4 Nf6 5. Nc3 g6 6. h3 Bg7
7. Be3 a6 8. Qd2 h5 9. a3 b5 10. f3 Bb7 11. Be2 Nbd7 12. O-O
O-O 13. Bh6 Rc8 14. Bxg7 Kxg7 15. Kh1 e5 16. Nb3 Nb6 17. Rad1
d5 18. exd5 Nbxd5 19. Nxd5 Nxd5 20. c4 Nf4 21. Qe3 Qg5 22. Qf2
bxc4 23. Na5 Bd5 24. Rc1 Nd3 25. Bxd3 cxd3 26. Rc5 Be6 27. f4
Qxf4 28. Qg1 Qd4 29. Qxd4 exd4 30. Re5 Rc2 31. b4 Re2 32. Nc6
Rc8 33. Rc5 d2 34. Nxd4 Re1 35. Nxe6+ fxe6 0-1

[Event "FIDE Online Olympiad"]
[Site "Chess.com"]
[Date "2020.08.02"]
[EventDate "2020.07.31"]
[Round "8"]
[Result "0-1"]
[White "Bernard Anhwere"]
[Black "Bernard Lesbros"]
[WhiteElo "1777"]
[BlackElo "1912"]
[PlyCount "142"]

1. d4 Nf6 2. c4 g6 3. Nf3 Bg7 4. g3 d5 5. Bg2 O-O 6. O-O c6
7. cxd5 cxd5 8. Nc3 Nc6 9. Qb3 Na5 10. Qd1 Nc4 11. b3 Nd6
12. Bg5 Nde4 13. Nxe4 Nxe4 14. Bf4 Bg4 15. Rc1 Rc8 16. Qd3 Qa5
17. a4 Rc3 18. Rxc3 Qxc3 19. Qb5 Bxf3 20. Bxf3 Qxd4 21. Qxb7
e6 22. Be3 Qb2 23. Bxe4 dxe4 24. Bxa7 Qxe2 25. b4 Rd8 26. Qb5
Qf3 27. a5 h5 28. h4 Rd5 29. Qe8+ Kh7 30. Be3 Rd3 31. Qb8 e5
32. Qb6 f5 33. Qc7 Rxe3 34. fxe3 Qxg3+ 35. Kh1 Qh3+ 36. Kg1
Qxe3+ 37. Kh1 Qh3+ 38. Kg1 Qg3+ 39. Kh1 Qxh4+ 40. Kg1 Qg3+
41. Kh1 h4 42. a6 Qh3+ 43. Kg1 Qe3+ 44. Kh1 Qh3+ 45. Kg1 Qg3+
46. Kh1 e3 47. a7 e2 48. Ra1 e1=Q+ 49. Rxe1 Qxe1+ 50. Kh2 Qf2+
51. Kh1 Qf3+ 52. Kg1 h3 53. Qc2 Qg3+ 54. Kh1 Qf3+ 55. Kg1 Qe3+
56. Qf2 Qc1+ 57. Kh2 Qc8 58. Qf3 e4 59. Qxh3+ Bh6 60. Qa3 Bf4+
61. Kh3 Qa8 62. b5 g5 63. Qe7+ Kg6 64. Qe6+ Kh5 65. Qf7+ Kh6
66. b6 g4+ 67. Kg2 e3+ 68. b7 Qd8 69. Qe6+ Kg5 70. a8=Q Qd2+
71. Kh1 Qh2# 0-1

[Event "FIDE Online Olympiad"]
[Site "Chess.com"]
[Date "2020.08.02"]
[EventDate "2020.07.31"]
[Round "8"]
[Result "0-1"]
[White "Angela Naa Amerley Ayiku"]
[Black "Nadezhda Valerevna Marochkina"]
[WhiteElo "1415"]
[BlackElo "1993"]
[PlyCount "70"]

1. e4 c6 2. Nf3 d5 3. exd5 cxd5 4. d4 e6 5. Bb5+ Bd7 6. Qe2 a6
7. Bxd7+ Nxd7 8. O-O Ngf6 9. Bg5 Be7 10. Nbd2 O-O 11. Rfe1 Rc8
12. c3 b5 13. Qe3 Re8 14. Ne5 Nxe5 15. Qxe5 h6 16. Bf4 b4
17. Qe3 bxc3 18. bxc3 Qa5 19. Rec1 Rc6 20. Qg3 Kh8 21. Nb3 Qa3
22. Qh3 Bf8 23. Be5 Ne4 24. f3 Nxc3 25. Rc2 Rec8 26. Qh5 Kg8
27. Bf4 Nxa2 28. Rcxa2 Qxb3 29. Qh4 Qd3 30. Qf2 Rc2 31. Rxc2
Rxc2 32. Qe3 Qc4 33. h3 Re2 34. Qc1 Qxd4+ 35. Kf1 Qf2# 0-1

[Event "FIDE Online Olympiad"]
[Site "Chess.com"]
[Date "2020.08.02"]
[EventDate "2020.07.31"]
[Round "8"]
[Result "0-1"]
[White "Rohan Karamchandani"]
[Black "Rassoul Diarra"]
[WhiteElo "1495"]
[BlackElo "1701"]
[PlyCount "110"]

1. e4 e5 2. Nf3 Nc6 3. Bb5 Nf6 4. O-O Nxe4 5. Nxe5 Nxe5 6. Re1
Nd6 7. Rxe5+ Be7 8. Qe2 Nxb5 9. Qxb5 O-O 10. Nc3 Bd6 11. Re1
b6 12. d4 Bb7 13. Bg5 Qc8 14. Qf5 Re8 15. d5 c6 16. Ne4 Be5
17. f4 Bd4+ 18. Kh1 d6 19. Nxd6 Qxf5 20. Nxf5 Bxb2 21. Rab1
Rxe1+ 22. Rxe1 cxd5 23. Nd6 Ba6 24. Re7 f6 25. Bh4 Ba3 26. Rd7
Bxd6 27. Rxd6 Bc4 28. a3 Kf7 29. g4 Ke7 30. Rc6 Kd7 31. Rxc4
dxc4 32. Kg2 Re8 33. Kf2 Kc6 34. Bg3 Kb5 35. f5 Rd8 36. Bc7
Rd2+ 37. Ke3 Rxc2 38. Kd4 Rd2+ 39. Kc3 Rd3+ 40. Kc2 Rxa3
41. h4 Kc6 42. Bf4 Rf3 43. Bd2 b5 44. g5 Rxf5 45. gxf6 gxf6
46. Kc3 Rf3+ 47. Kb4 Kb6 48. Bc3 a5+ 49. Ka3 b4+ 50. Ka2 Rxc3
51. h5 b3+ 52. Kb2 Rc2+ 53. Kb1 a4 54. h6 a3 55. Ka1 Rc1# 0-1

[Event "FIDE Online Olympiad"]
[Site "Chess.com"]
[Date "2020.08.02"]
[EventDate "2020.07.31"]
[Round "8"]
[Result "0-1"]
[White "Shadi Alqawasme"]
[Black "Diego Zilleruelo Irizarry"]
[WhiteElo "1789"]
[BlackElo "2119"]
[PlyCount "108"]

1. e4 c6 2. d4 d5 3. Nc3 dxe4 4. Nxe4 Bf5 5. Ng3 Bg6 6. h4 h6
7. h5 Bh7 8. Nf3 Nd7 9. Bd3 Bxd3 10. Qxd3 e6 11. Bf4 Qa5+
12. Qd2 Bb4 13. c3 Be7 14. O-O Ngf6 15. Ne5 Nxe5 16. Bxe5
O-O-O 17. a4 Qxe5 18. dxe5 Rxd2 19. exf6 Bxf6 20. Rab1 Rhd8
21. Ne4 Re2 22. Rfe1 Rxe1+ 23. Rxe1 Rd5 24. g4 Be7 25. Re2 Kc7
26. Kg2 Rd3 27. Re3 Rxe3 28. fxe3 Bd6 29. Kf3 Kd7 30. Nf2 f5
31. Nd3 Ke7 32. Nf2 Kf6 33. Nd3 g6 34. hxg6 Kxg6 35. gxf5+
exf5 36. b4 h5 37. c4 h4 38. c5 Bc7 39. Nf2 Bg3 40. Nh3 Kf6
41. e4 f4 42. b5 Ke5 43. b6 a5 44. Ng5 Kd4 45. Nf7 Kxc5 46. e5
Kd5 47. e6 Kxe6 48. Nd8+ Kd7 49. Nxb7 h3 50. Nxa5 h2 51. Kg2
f3+ 52. Kxf3 h1=Q+ 53. Kxg3 Qe1+ 54. Kf3 Qxa5 0-1

[Event "FIDE Online Olympiad"]
[Site "Chess.com"]
[Date "2020.08.02"]
[EventDate "2020.07.31"]
[Round "8"]
[Result "0-1"]
[White "Yara Faqeeh"]
[Black "Natasha Morales Santos"]
[WhiteElo "1523"]
[BlackElo "1720"]
[PlyCount "112"]

1. d4 e6 2. Bf4 f5 3. Nf3 Nf6 4. h3 d5 5. e3 Bd6 6. Bxd6 Qxd6
7. a3 Nbd7 8. c4 c6 9. Nc3 O-O 10. Be2 Ne4 11. O-O Kh8 12. c5
Qc7 13. Nd2 e5 14. Ndxe4 fxe4 15. b4 exd4 16. exd4 Nf6 17. Qd2
Bf5 18. Nd1 Bg6 19. Ne3 Qf4 20. Rad1 Rae8 21. a4 Bh5 22. Bxh5
Nxh5 23. Ng4 Qxd2 24. Rxd2 Nf4 25. Ne5 Kg8 26. Kh2 Ne6
27. Rfd1 Rf5 28. f3 Nxd4 29. Rxd4 Rfxe5 30. fxe4 Rxe4 31. b5
Kf7 32. R1d3 Rxd4 33. Rxd4 Re4 34. Rxe4 dxe4 35. Kg3 Ke6
36. Kf4 Kd5 37. Ke3 a6 38. bxa6 bxa6 39. g4 Ke5 40. h4 Kd5
41. h5 Ke5 42. g5 g6 43. hxg6 hxg6 44. a5 Kf5 45. Ke2 Kxg5
46. Ke3 Kf5 47. Kf2 Kf4 48. Ke1 Ke3 49. Kf1 Kd2 50. Kf2 e3+
51. Kf3 e2 52. Kf4 e1=Q 53. Kg5 Qf2 54. Kxg6 Qf4 55. Kg7 Qf5
56. Kg8 Qd7 0-1

[Event "FIDE Online Olympiad"]
[Site "Chess.com"]
[Date "2020.08.02"]
[EventDate "2020.07.31"]
[Round "8"]
[Result "0-1"]
[White "Carlos Rodriguez Rosich"]
[Black "Mohamad Seder"]
[WhiteElo "1389"]
[BlackElo "1699"]
[PlyCount "156"]

1. e4 c5 2. Nc3 Nc6 3. f4 g6 4. Nf3 Bg7 5. Bb5 d6 6. Bxc6+
bxc6 7. d3 Nf6 8. O-O O-O 9. Qe1 Rb8 10. f5 Nd7 11. Qh4 e5
12. Bg5 f6 13. fxg6 hxg6 14. Bh6 Nb6 15. g4 Qd7 16. h3 Bxh6
17. Qxh6 Qh7 18. Qxh7+ Kxh7 19. Rf2 Kg7 20. Raf1 Be6 21. Rh2
Nd7 22. b3 g5 23. Ne2 Bf7 24. Ng3 Bg6 25. Nf5+ Bxf5 26. gxf5
Kf7 27. Rff2 Rh8 28. Rfg2 Rbg8 29. Nd2 d5 30. Kf2 Nb8 31. Nf3
Na6 32. a3 Nc7 33. c4 dxe4 34. dxe4 Rd8 35. Ke3 a5 36. Rd2 Na8
37. Ne1 a4 38. bxa4 Nb6 39. Rc2 Nxa4 40. Nd3 Rd4 41. Nf2 Nb6
42. Ng4 Nxc4+ 43. Ke2 Rxe4+ 44. Kf3 Rf4+ 45. Kg3 Ra8 46. Rhf2
Rxa3+ 47. Kg2 Rxg4+ 48. hxg4 Ne3+ 49. Kg1 Ra1+ 50. Kh2 Nxg4+
51. Kg3 Nxf2 52. Kxf2 Ra5 53. Kf3 Ke7 54. Ke4 Ra4+ 55. Kf3 Kd6
56. Rd2+ Rd4 57. Rh2 Rf4+ 58. Ke3 Rxf5 59. Rh1 Rf4 60. Rh6 Kd5
61. Rh7 Re4+ 62. Kd3 f5 63. Rf7 c4+ 64. Kc3 Re3+ 65. Kd2 Ke4
66. Rh7 c3+ 67. Kc2 f4 68. Rc7 f3 69. Rxc6 f2 70. Rc4+ Kf3
71. Rc8 Ke2 72. Rh8 f1=Q 73. Rh2+ Kf3 74. Rh8 Qd3+ 75. Kb3
Qb5+ 76. Ka3 c2+ 77. Ka2 c1=N+ 78. Ka1 Ra3# 0-1

[Event "FIDE Online Olympiad"]
[Site "Chess.com"]
[Date "2020.08.02"]
[EventDate "2020.07.31"]
[Round "8"]
[Result "0-1"]
[White "Koffi Botsoe"]
[Black "Vanderson Dias"]
[WhiteElo "1570"]
[BlackElo "2178"]
[PlyCount "100"]

1. d4 d5 2. f4 Nf6 3. Nf3 Bf5 4. e3 e6 5. c3 c6 6. Be2 Bd6
7. O-O Bg4 8. Bd3 Nbd7 9. Nbd2 Qc7 10. b4 Nf8 11. Qc2 Bh5
12. Ne5 Bg6 13. f5 exf5 14. Bxf5 Bxe5 15. dxe5 Qxe5 16. Nb3
Ng4 17. g3 Ne6 18. Qd3 O-O 19. Nd4 Nxd4 20. exd4 Qe7 21. Qf3
Bxf5 22. Qxf5 Ne3 23. Bxe3 Qxe3+ 24. Qf2 Qxc3 25. a3 Rae8
26. Kh1 Re4 27. Rfd1 Rfe8 28. Ra2 Re1+ 29. Rxe1 Qxe1+ 30. Kg2
Qxf2+ 31. Kxf2 f5 32. h3 Kf7 33. a4 Re4 34. Rd2 g5 35. Kf3 Ke6
36. b5 h5 37. Rc2 Kd6 38. bxc6 bxc6 39. Rc5 Kc7 40. a5 Rxd4
41. Rc3 Ra4 42. Re3 Kd6 43. Re8 g4+ 44. hxg4 hxg4+ 45. Ke3
Re4+ 46. Rxe4 dxe4 47. Kf4 c5 48. a6 c4 49. Kxf5 e3 50. Kxg4
e2 0-1

[Event "FIDE Online Olympiad"]
[Site "Chess.com"]
[Date "2020.08.02"]
[EventDate "2020.07.31"]
[Round "8"]
[Result "0-1"]
[White "Ivana Claudia Eyram De Souza"]
[Black "Renelsa Taiane Antonio"]
[WhiteElo "1117"]
[BlackElo "1088"]
[PlyCount "64"]

1. e4 e5 2. Nf3 Nc6 3. Bc4 d6 4. h3 h6 5. Nc3 Nf6 6. a3 Be7
7. d3 a6 8. Be3 Bd7 9. d4 exd4 10. Nxd4 Nxd4 11. Bxd4 Bc6
12. f3 O-O 13. Nd5 Nxd5 14. exd5 Bd7 15. O-O Bf6 16. Re1 Bxd4+
17. Qxd4 Re8 18. Bb3 Qg5 19. Kh2 Re7 20. Rxe7 Qxe7 21. Qb4
Qe5+ 22. Kh1 Qxb2 23. Ra2 Qc1+ 24. Kh2 b6 25. Ba4 b5 26. Bb3
a5 27. Qc3 a4 28. Qxc7 axb3 29. Rb2 Qxb2 30. cxb3 Qe5+ 31. Kh1
Rxa3 32. Qxd7 Ra1# 0-1

[Event "FIDE Online Olympiad"]
[Site "Chess.com"]
[Date "2020.08.02"]
[EventDate "2020.07.31"]
[Round "9"]
[Result "0-1"]
[White "Mikhail Strovsky"]
[Black "Kemly Germinal"]
[WhiteElo "1939"]
[BlackElo "1997"]
[PlyCount "184"]

1. e4 e5 2. Nf3 Nc6 3. Bc4 Bc5 4. c3 Nf6 5. d3 d6 6. O-O O-O
7. Bg5 h6 8. Bh4 Be6 9. Bb5 a6 10. Ba4 b5 11. Bc2 d5 12. d4
Be7 13. dxe5 Ng4 14. Bg3 h5 15. h3 h4 16. Bh2 Nxh2 17. Kxh2 f5
18. exf5 Bxf5 19. Bxf5 Rxf5 20. Nd4 Nxd4 21. cxd4 Qd7 22. Nc3
Raf8 23. f3 Bg5 24. Ne2 Qf7 25. Qd3 Qg6 26. Rae1 Bf4+ 27. Nxf4
Qg3+ 28. Kh1 Rg5 29. Re2 Rxf4 30. e6 Rf8 31. e7 Re8 32. Qc2
Qd6 33. Rfe1 Kf7 34. Qh7 c6 35. Re5 Qf6 36. Rxg5 Qxg5 37. Qd3
Rxe7 38. Rxe7+ Qxe7 39. Qf5+ Kg8 40. Qc8+ Kh7 41. Qf5+ Kg8
42. Kh2 Qd6+ 43. f4 g6 44. Qc8+ Kg7 45. Qg4 Qf6 46. Qd7+ Kh6
47. Kg1 Qxd4+ 48. Kh1 Qxf4 49. Qxc6 d4 50. Qe8 d3 51. Qh8+ Kg5
52. Qd8+ Qf6 53. Qxd3 Qxb2 54. Qe3+ Kh5 55. Qf3+ Kh6 56. Qf8+
Kg5 57. Qe7+ Qf6 58. Qe3+ Kh5 59. Qe2+ Kh6 60. Qd2+ g5 61. Qa5
Qf1+ 62. Kh2 Qf4+ 63. Kh1 Qd6 64. Qc3 Qd1+ 65. Kh2 Qd6+
66. Kg1 Kg6 67. Qc2+ Kf6 68. Qc3+ Ke6 69. Qe3+ Kf5 70. Qf3+
Kg6 71. Qe4+ Kh6 72. Qe8 Qd4+ 73. Kh1 Qa1+ 74. Kh2 Qxa2
75. Qh8+ Kg6 76. Qe8+ Qf7 77. Qc6+ Qf6 78. Qe8+ Kf5 79. Qd7+
Kg6 80. Qe8+ Kh6 81. Qa8 b4 82. Qb7 Qd6+ 83. Kh1 Qd1+ 84. Kh2
Qd6+ 85. Kh1 a5 86. Qb5 Qd1+ 87. Kh2 b3 88. Qxa5 Qd6+ 89. Kh1
b2 90. Qb5 Qd1+ 91. Kh2 b1=Q 92. Qc6+ Qg6 0-1

[Event "FIDE Online Olympiad"]
[Site "Chess.com"]
[Date "2020.08.02"]
[EventDate "2020.07.31"]
[Round "9"]
[Result "0-1"]
[White "Davidson Gabriel"]
[Black "Yakini Tchouka"]
[WhiteElo "1915"]
[BlackElo "1600"]
[PlyCount "96"]

1. d4 Nf6 2. c4 e6 3. Nf3 d5 4. g3 Bb4+ 5. Bd2 Be7 6. Bg2 Nbd7
7. Qc2 b6 8. cxd5 exd5 9. Bf4 c5 10. Nc3 Bb7 11. Nb5 O-O
12. O-O a6 13. Nd6 Bxd6 14. Bxd6 Ne4 15. Bxf8 Qxf8 16. e3 Rc8
17. Qe2 Ndf6 18. Rac1 c4 19. Ne5 b5 20. g4 h6 21. h4 Qe7
22. Rfd1 c3 23. f3 cxb2 24. Rxc8+ Bxc8 25. Qxb2 Nd6 26. Rc1
Nc4 27. Nxc4 dxc4 28. e4 Nd7 29. Qf2 Qa3 30. Rd1 a5 31. Qg3 c3
32. Qc7 Nb6 33. Rf1 Nc4 34. Qxc8+ Kh7 35. Qf5+ Kg8 36. Qxb5
Ne3 37. Qb3 Qxb3 38. axb3 Nxf1 39. Kxf1 c2 40. Ke2 c1=Q
41. Bf1 Qc2+ 42. Ke3 Qxb3+ 43. Bd3 a4 44. d5 a3 45. d6 Qb6+
46. Ke2 Qxd6 47. Bc4 Qb4 48. Bd5 Qb2+ 0-1

[Event "FIDE Online Olympiad"]
[Site "Chess.com"]
[Date "2020.08.02"]
[EventDate "2020.07.31"]
[Round "9"]
[Result "0-1"]
[White "Folly Cedric Kueviakoe"]
[Black "Theophile Paul"]
[WhiteElo "1561"]
[BlackElo "1686"]
[PlyCount "63"]

1. e4 e6 2. d4 d5 3. e5 c5 4. c3 Nc6 5. Nf3 Qb6 6. Bd3 Bd7
7. Bc2 cxd4 8. cxd4 Nb4 9. Bb3 Ne7 10. a3 Nbc6 11. Nc3 Nf5
12. Be3 Na5 13. Na4 Qxb3 14. Qxb3 Nxb3 15. Rb1 Bxa4 16. O-O
Rc8 17. Bg5 Nbxd4 18. Nxd4 Nxd4 19. Be3 Ne2+ 20. Kh1 d4
21. Bd2 Bc2 22. Ra1 Be7 23. Rfe1 d3 24. g3 Nd4 25. Be3 Nb3
26. Ra2 Bc5 27. Kg2 Bxe3 28. Rxe3 d2 29. Rxb3 Bxb3 30. Ra1 Rc1
31. Rxc1 dxc1=Q 32. Kh3 0-1

[Event "FIDE Online Olympiad"]
[Site "Chess.com"]
[Date "2020.08.02"]
[EventDate "2020.07.31"]
[Round "9"]
[Result "0-1"]
[White "Mohamed Alqwasma"]
[Black "David Silva"]
[WhiteElo "1732"]
[BlackElo "2321"]
[PlyCount "72"]

1. Nf3 Nf6 2. g3 g6 3. Bg2 Bg7 4. O-O O-O 5. d3 d6 6. e4 e5
7. h3 c5 8. Nbd2 h6 9. a4 Nc6 10. c3 Be6 11. Qe2 a6 12. Nh2
Qd7 13. g4 d5 14. Rd1 Rad8 15. b3 dxe4 16. Bxe4 Nd5 17. Bxd5
Bxd5 18. Rb1 f5 19. Ba3 b6 20. Nc4 Qc7 21. b4 cxb4 22. cxb4
Nd4 23. Qb2 e4 24. Qd2 Bxc4 25. Rdc1 Qxh2+ 26. Kxh2 Nf3+
27. Kg2 Nxd2 28. Rb2 Bxb2 29. Bxb2 Rxd3 30. b5 axb5 31. axb5
f4 32. Bc3 Nb3 33. Rc2 e3 34. fxe3 fxe3 35. Bb4 Rd2+ 36. Bxd2
exd2 0-1

[Event "FIDE Online Olympiad"]
[Site "Chess.com"]
[Date "2020.08.02"]
[EventDate "2020.07.31"]
[Round "9"]
[Result "0-1"]
[White "Aseel Faqeeh"]
[Black "Esperanca Caxita"]
[WhiteElo "1509"]
[BlackElo "1837"]
[PlyCount "50"]

1. d4 d5 2. c4 c6 3. Nc3 Nf6 4. Nf3 e6 5. e3 Bd6 6. Qc2 Nbd7
7. Be2 O-O 8. O-O h6 9. a3 Re8 10. b4 a6 11. Bb2 b5 12. Nd1
bxc4 13. Ne5 Qc7 14. f4 Ne4 15. Bf3 Ndf6 16. Nc3 Nxc3 17. Bxc3
Bb7 18. Rf2 Reb8 19. g4 Nh7 20. Rg2 f6 21. Ng6 Qf7 22. Rf1 Re8
23. g5 fxg5 24. fxg5 Nxg5 25. Bxd5 Nh3+ 0-1

[Event "FIDE Online Olympiad"]
[Site "Chess.com"]
[Date "2020.08.02"]
[EventDate "2020.07.31"]
[Round "9"]
[Result "0-1"]
[White "Ednasia Junior"]
[Black "Jana Othman"]
[WhiteElo "1768"]
[BlackElo "1446"]
[PlyCount "50"]

1. e4 e5 2. Nf3 Nc6 3. Bc4 Bc5 4. O-O Nf6 5. d4 Bxd4 6. Nxd4
Nxd4 7. Bg5 h6 8. Bh4 d6 9. f4 Bg4 10. Qd2 b6 11. fxe5 dxe5
12. Nc3 Nf3+ 13. gxf3 Qxd2 14. Bxf6 gxf6 15. fxg4 Rg8 16. h3
Qd4+ 17. Kh2 Qxc4 18. Nd5 O-O-O 19. Nxf6 Qxc2+ 20. Kg3 Rd3+
21. Rf3 Rxf3+ 22. Kxf3 Rg6 23. Nd5 Qd3+ 24. Kf2 Kb7 25. Rc1
Qd2+ 0-1